Úvod do lékařské terminologie /
Uložené v:
| Hlavní autori: | , |
|---|---|
| Médium: | Kniha |
| Jazyk: | Czech |
| Vydané: |
Praha :
Státní pedagogické nakladatelství,
1975.
|
| Vydanie: | 1. vyd |
| Edícia: | Vysokoškolské skriptá
|
| ISBN: |
(brož.) |
| Fyzický popis: |
321 s. : il. |
| Tagy: |
Pridať tag
Žiadne tagy, Buďte prvý kto otaguje tento záznam!
|
Titul je dostupný aj v ... 

MARC
| LEADER | 00000nam a2200000 a 4500 | ||
|---|---|---|---|
| 001 | 000211713 | ||
| 005 | 20100918111730.0 | ||
| 008 | 980417s1975 xr cze d | ||
| 020 | |a (brož.) |c Kčs 6,50 | ||
| 040 | |a SVKKK |b slo |c SVKKK |e AACR2 | ||
| 041 | 0 | |a cze | |
| 044 | |a xr |c CZ | ||
| 100 | 1 | |a Kábrt, Jan, |d 1910-2006 |4 aut | |
| 245 | 1 | 0 | |a Úvod do lékařské terminologie / |c Jan Kábrt , Eva Chlumská. |
| 250 | |a 1. vyd | ||
| 260 | |a Praha : |b Státní pedagogické nakladatelství, |c 1975. | ||
| 300 | |a 321 s. : |b il. | ||
| 490 | 1 | |a Vysokoškolské skriptá | |
| 500 | |a Vyd. Univerzita Karlova v Prahe, Fakulta všeobecného lékařství | ||
| 700 | 1 | |a Chlumská, Eva, |d 1924- |4 aut | |
| 910 | |a svkkk | ||
| 998 | |a BK | ||
| 090 | |g SCKHL |k Sklad Pribinova 3. posch. |a V.93151 |j 528257 |i 2721194836 |s Povinný výt. | ||
| 090 | |g SCKHL |k Sklad Pribinova 3. posch. |a V.93974 |j 517986 |i 211713-10 |4 Strata |s Návrh na vyradenie | ||